Come to the Point : the study of the Indian community and some well-known personalities of the area (Record no. 249712)

MARC details
000 -LEADER
fixed length control field 00354nam a2200097Ia 4500
082 ## - DEWEY DECIMAL CLASSIFICATION NUMBER
Classification number 968.00491411 COME
008 - FIXED-LENGTH DATA ELEMENTS--GENERAL INFORMATION
fixed length control field 210817s9999 xx 000 0 und d
100 ## - MAIN ENTRY--PERSONAL NAME
Personal name Padayachee, Kanakasabay R. South Africa, 2002
9 (RLIN) 75464
245 #0 - TITLE STATEMENT
Title Come to the Point : the study of the Indian community and some well-known personalities of the area
942 ## - ADDED ENTRY ELEMENTS
item type Books
Holdings
Withdrawn status Lost status Damaged status Not for loan Home library Current library Date acquired Cost, normal purchase price Total Checkouts Barcode Date last seen Price effective from item type
        eMalahleni Main PL (MMID-PLEM) eMalahleni Main PL (MMID-PLEM) 18.08.2021 75.00   33228020978902 18.08.2021 18.08.2021 Books